Statistics for Symbol Quiz #1 (Easy)

Click here to take the quiz!

General Stats

  • This quiz has been taken 21 times
  • The average score is 15 of 20

Answer Stats

Answer% Correct
Bluetooth
94%
Dollar
94%
Pi
94%
Euro
89%
Omega
89%
Peace
83%
Bitcoin
78%
Copyright
78%
Percent
78%
Plus
78%
Wifi
78%
Minus
72%
Search
72%
Atom
67%
Infinity
67%
Star
67%
Yen
61%
Asterisk
56%
Hammer And Sickle
39%
Micro
33%

Score Distribution

Percentile by Number Answered

Percent of People with Each Score

Your Score History

You have not taken this quiz